| 000 | 01044nam0a22002411 4500 | ||
|---|---|---|---|
| 001 | rc\689742 | ||
| 005 | 20260406231445.0 | ||
| 035 | _a(NLR Aleph) 005926482 | ||
| 090 |
_a6532556 _c6532556 |
||
| 100 | _a20031121d1985 |||y0rusy50 ca | ||
| 101 | 0 | _arus | |
| 102 | _aRU | ||
| 105 | _aa ||||||||| | ||
| 200 | 1 |
_aНиколай Дочкин _eЖивопись _eКат. выст. _f[Сост. Люльченко Г.Е. _gВступ. ст. Куюкина Т.С.] |
|
| 210 |
_aКалинин _cБ. и. _d1985 |
||
| 215 |
_a36 с. _cил., цв. ил. _d21 |
||
| 300 | _aВ надзаг.: Упр. культуры Калинин. облисполкома, Калинин. орг. Союза художников РСФСР, Калинин. обл. картин. галерея | ||
| 710 | 1 | 0 |
_aДочкин, _gНиколай Викторович _hВыставка живописи _f1985 _eКалинин _3RU\NLR\AUTH\889983967 _9463706 |
| 801 | 0 |
_aRU _bNLR _gpsbo |
|
| 801 | 1 |
_aRU _bELAR _2rusmarc |
|
| 852 |
_aNLR _bЭ _jКП/Д715 |
||
| 942 | _cBOOK | ||
| 980 | _aNB | ||